00855nam a2200217Ia 4500003000900000008004100009020002200050040001600072080002000088111007700108245016800185260005100353300001600404490005800420650001400478650003600492700003500528700002300563700002700586700002400613IN-BaIIA211028s9999 xx 000 0 eng d a978-81-922926-5-6 cIIA Library a082.2:52bASI-7 aWorkshop on Robotic Autonomous Observatoriesn2ndcSpaind2011 June 5-10 0aSecond workshop on robotic autonomous observatoriesbproceedings of workshop held in Torremolinos-Malaga, Spain, June 5-10, 2011cedited by Sergey Guziy…[et al.] aBangalorebAstronomical Society of Indiac2012 axiii, 323p. aAstronomical society of India conference series; v. 7 aAstronomy aRobotic autonomous observations aCsatro-Tirado, Alberto J., ed. aGuziy, Sergey, ed. aPandey, Shashi B., ed. aTello, Juan C., ed.